000 00794 a2200229 4500
010 _aENG-88869
020 _c375.00
_a9780195692985
035 _aEN-72401
037 _bDBAD / PUB
082 _a306
090 _c9551
_d9551
245 1 _aMulticulturalism, liberalism and democracy /
_cedited by Rajeev Bhargava, Amiya Kumar Bagchi [and] R. Sudarshan
260 _aNew Delhi
_bOxford University Press
_c2007
270 _aYMCA Library Building, Jai Singh Road
_bNew Delhi
_e110 001
300 _axi, 433p. :
_c22cm (pbk)
500 _aIncludes index
700 _aBhargava, Rajeev
700 _aBagchi, Amiya Kumar
700 _aSudarshan, R.
942 _adpl
_cEN
_k306/ MUL
999 _c9377
_d9377